Federal Constituencies of Malacca - Statistics

General Stats
  • This quiz has been taken 8 times
  • The average score is 5 of 6
Answer Stats
Hint Answer % Correct
P138 Kota Melaka
100%
P135 Alor Gajah
88%
P139 Jasin
75%
P134 Masjid Tanah
75%
P137 Hang Tuah Jaya
63%
P136 Tangga Batu
63%
No matching quizzes found
Score Distribution
Percent of People with Each Score
Percentile by Number Answered
Your Score History
You have not taken this quiz